000 00218 a2200097 4500
001 47813
100 _aProfessor Hameed Ghulami
245 _aThe robot era
260 _aLondon
_bGeorge Allen
_c
090 _c30815
_d30815
942 _aNUST-CAE
_cM
_c23131
999 _c282886
_d282886